000 00640nam a2200253Ia 4500
003 OSt
005 20221007071629.0
006 a|||||r|||| 00| 0
007 ta
008 221006b |||||||| |||| 00| 0 eng d
024 _a20,366
037 _cTextual
040 _aFLL
_cFLL
_beng
041 _2eng
_aeng
082 _aZ,91, N4
100 _aLloyd's
_9116131
245 0 _aIntroduction to jurisprudence
250 _a6th
260 _aLondon
_bELBS England
_c1994
300 _a1377p
_ccm.
700 _a Freeman M.D.A.
942 _hZ,91, N4
_cTEXL
_2CC
999 _c1143844
_d1143844